États et Provinces ayant appartenu à la Nouvelle-France - Statistiques

Statistiques générales
  • Ce quiz a été pris 414 fois
  • Le résultat moyen est 23 sur 33
Réponses sur la Carte
Les réponses sont colorées sur une échelle allant du rouge au vert en fonction du pourcentage des utilisateurs qui les ont devinées à leur premier essai. Vous pouvez retrouver ces pourcentages ci-dessous.
 
Statistiques - réponses
Réponse % Correct
Québec
94%
Louisiane
93%
Michigan
84%
New York
82%
Texas
80%
Illinois
78%
Mississippi
78%
Ohio
78%
Ontario
78%
Alabama
77%
Maine
76%
Arkansas
75%
Dakota du Nord
75%
Terre-Neuve-et-Labrador
75%
Dakota du Sud
73%
Kansas
73%
Kentucky
72%
Tennessee
72%
Missouri
71%
Iowa
70%
Pennsylvanie
70%
Indiana
69%
Minnesota
68%
Vermont
68%
Wisconsin
68%
Virginie Occidentale
65%
Oklahoma
64%
Nebraska
57%
Nouvelle-Écosse
46%
Île-du-Prince-Édouard
45%
Nouveau-Brunswick
45%
Manitoba
43%
Saskatchewan
42%
Aucun quiz correspondant
Distribution des résultats
% des personnes avec chaque résultat
Percentile par nombre de réponses
Votre historique - résultats
Vous n’avez pas pris ce quiz